Random Vögel - Statistiken

Allgemein
  • Dieses Quiz wurde 31 mal gespielt
  • Das Durchschnittsergebnis liegt bei 6 aus 10
Antwortstatistiken
Bildquiz Antwort % Korrekt
Bekassine
100%
Sommergoldhähnchen
100%
Halsbandschnäpper
91%
Triel
90%
Saatgans
83%
Blässgans
82%
Spiessente
80%
Kurzschnabelgans
71%
Unglückshäher
69%
Zwergdommel
69%
Schwarzstirnwürger
54%
Tundra-Goldregenpfeifer
36%
Rötelpelikan
21%
Goldwangen-Waldsänger
10%
Fichtenwaldsänger
6%
Prärierohrsänger
0%
Keine übereinstimmenden Quizze gefunden
Verteilung der Resultate
Anzahl Personen mit jedem Resultat
Perzentil nach korrekt beantworteten Fragen
Ihre Resultats-Entwicklung
Sie haben dieses Quiz noch nicht gespielt